000 00496nam a22001457a 4500
003 MACl
005 20190425163005.0
008 190425b xxu||||| |||| 00| 0 eng d
040 _cMACL
100 _aजोशी,ज्‍योतिष
_974491
245 _aभारतीय कला चिन्‍तन -तीन कला प‍द्धति
260 _aदिल्‍ली
_bजतिन बुक सेन्‍टर
_c2015
650 _aकला
_974493
942 _2ddc
_cHIN
999 _c59503
_d59503